Marina : La profecía de Dante Aligheri /

Gorde:
Xehetasun bibliografikoak
Egile nagusia: Zidrou (autor)
Beste egile batzuk: Matteo (ilustración) (ilustración)
Formatua: Liburua
Hizkuntza:gaztelania
Argitaratua: Barcelona, España : Norma, 2015, c2015
Gaiak:
Etiketak: Etiketa erantsi
Etiketarik gabe, Izan zaitez lehena erregistro honi etiketa jartzen!

MARC

LEADER 00000nam^a2200000^a^4500
001 000597120
005 20250526000000.0
009 20260310133119.33
020 |a 978-84-679-1935-6 
037 |a Acervo ITESO - Biblioteca 
041 |a GRA 
041 |a ESP 
082 |a 808. 83929  |b ZID MAR V. 2 
100 |a Zidrou  |e (autor) 
240 1 1 |a [Marina] 
245 1 0 |a Marina :  |b La profecía de Dante Aligheri /  |c Zidrou ; il. de Matteo. 
264 4 |a Barcelona, España :  |b Norma,  |c 2015, c2015 
300 |a 56 p. ;  |c 31.5 cm. 
336 |a texto  |b txt  |2 rdacontenido 
337 |a sin mediación  |b n  |2 rdamedio 
338 |a volumen  |b nc  |2 rdasoporte 
500 |a Traducción de: Marina: La prophétie de Dante Alighieri 
546 |a Edición gráfica con texto en español 
649 |a XX 
650 |a Escritores Belgas 
650 |a Piratas en la Literatura 
650 |a Mujeres en la Literatura 
650 |a Novela Gráfica -  |z Bélgica 
650 |a Novela Histórica -  |z Bélgica 
650 |a Novela de Aventuras -  |z Bélgica 
650 |a Novela Belga 
650 |a Literatura Belga -  |y Siglo XXI 
650 |a Profecías en la Literatura 
650 |a Conspiración en la Literatura 
650 |a Venecia, Italia en la Literatura 
700 |a Matteo  |e (ilustración) 
910 |a Fondo Castillo-Martínez 
920 |a Impresos - Libros 
930 |a Libros Antiguos y Raros 
940 |a Literatura 
905 |a 108 
901 |a 597216-10  |b IT2  |c LRA  |i D128647  |u 20250526 
902 |a https://opac.biblio.iteso.mx/vufind/Record/000597120